Normal view MARC view
  • Jain, M. K Jain, R. K Iyengar, S. R. K

Entry Personal Name

Number of records used in: 1

001 - CONTROL NUMBER

  • control field: 74375

003 - CONTROL NUMBER IDENTIFIER

  • control field: NUST

005 - DATE AND TIME OF LATEST TRANSACTION

  • control field: 20210628205208.0

008 - FIXED-LENGTH DATA ELEMENTS

  • fixed length control field: 210628|| aca||aabn | a|a d

040 ## - CATALOGING SOURCE

  • Original cataloging agency: NUST
  • Transcribing agency: NUST

100 ## - HEADING--PERSONAL NAME

  • Personal name: Jain, M. K Jain, R. K Iyengar, S. R. K

670 ## - SOURCE DATA FOUND

  • Source citation: Work cat.: (NUST): Jain, M. K Jain, R. K Iyengar, S. R. K, Numerical methods for scientific and engineering computation, 1993
© 2023 Central Library, National University of Sciences and Technology. All Rights Reserved.